000
00491nam a2200169Ia 4500
008
090711s9999 xx 000 0 und d
082
_b
63983
100
_a
दिघे प्रभाकर तुकाजी
245
_a
फुले
260
_c
1981
300
_a
163
600
_a
दिघे प्रभाकर तुकाजी
630
_a
फुले
700
_a
दिघे प्रभाकर तुकाजी
730
_a
फुले
942
_c
BOOK
999
_c
298159
_d
298159